000 00836nas a2200265 4500
001 BR0906708
003 BR-BrBNA
005 20231205113809.0
007 ta
008 230509b bl.|||p| |||| 00| 00por d
040 _aBR-BrBNA
_bpor
_cBiblioteca Nacional de Agricultura
041 _a(En)
072 _aH20
100 1 _aRadaelli, P.
100 1 _aFajardo, T.V.M.
100 1 _aNickel, O.
245 1 _aProduction of polyclonal antisera using recombinant coat proteins of Grapevine leafroll-associated virus 2 and Grapevine virus B
650 _aUVA
650 _aPROTEÍNA
650 _aVÍRUS
650 _aDOENÇA DE PLANTA
773 0 _tPesquisa Agropecuária Brasileira (Brazil)
_xISSN 0100-204X
_g(Oct 2008), v. 43(10) p. 1405-1411
_wBR0906708
909 _a202311
_bLúcia
_c55
_dLúcia Elande
942 _2AGRIS
_n0
_cANA
999 _c205663
_d205663